Disney Movies with Multiple Sequels Quiz Stats

 Plays Quiz not verified by Sporcle

Support Sporcle.
Go Orange.
Score 0/6 Timer 06:00
0 Plays Today
% Correct
The Little Mermaid
83.1%
The Lion King
83.1%
Cinderella
81.8%
Aladdin
76.6%
Lilo and Stitch
70.3%
Beauty and the Beast
68.8%

You're not logged in!

Compare scores with friends on all Sporcle quizzes.
OR
Log In

From the Vault

Actors in Disguise II

by MasterKGlas

What's the point of paying a movie star all that money if you're just going to cover them up with a bunch of makeup?
Remove Ads.
Support Sporcle.
Get the best of Sporcle when you Go Orange. This ad-free experience offers more features, more stats, and more fun while also helping to support Sporcle. Thank you for becoming a member.

Show Comments

Extras

Top Quizzes Today


Score Distribution

Your Account Isn't Verified!

In order to create a playlist on Sporcle, you need to verify the email address you used during registration. Go to your Sporcle Settings to finish the process.

Report this User

Report this user for behavior that violates our Community Guidelines.

Details: